[Event "XVIII Open Ayto. de Erandio"]
[Site "Erandio"]
[Date "2009.12.26"]
[Round "8.1"]
[White "Pogorelov, Ruslan"]
[Black "Savchenko, Stanislav"]
[Result "1/2-1/2"]
[WhiteElo "2469"]
[BlackElo "2536"]
[PlyCount "55"]
[EventDate "2009.12.19"]
[EventType "swiss"]
[EventRounds "9"]

1. d4 d5 2. c4 e6 3. Nc3 Be7 4. Nf3 Nf6 5. Bg5 h6 6. Bh4 O-O 7. e3 Ne4 8. Bxe7
Qxe7 9. Rc1 c6 10. Bd3 Nxc3 11. Rxc3 Nd7 12. O-O dxc4 13. Bxc4 e5 14. Nxe5 Nxe5
15. dxe5 Qxe5 16. Qe2 Be6 17. Bxe6 Qxe6 18. a3 Rfd8 19. Rd1 Rxd1+ 20. Qxd1 Qf6
21. Rc2 Rd8 22. Rd2 Rxd2 23. Qxd2 Qe6 24. Qd8+ Kh7 25. Qd3+ Kg8 26. Qd8+ Kh7
27. Qd3+ Kg8 28. Qd8+ 1/2-1/2

[Event "XVIII Open Ayto. de Erandio"]
[Site "Erandio"]
[Date "2009.12.26"]
[Round "8.2"]
[White "Ivanov, Jordan"]
[Black "Korneev, Oleg"]
[Result "0-1"]
[WhiteElo "2420"]
[BlackElo "2571"]
[PlyCount "30"]
[EventDate "2009.12.19"]
[EventType "swiss"]
[EventRounds "9"]

1. d4 d5 2. c4 e6 3. Nc3 c6 4. e3 Nf6 5. Nf3 Nbd7 6. Qc2 Bd6 7. Bd2 O-O 8. h3
Re8 9. g4 e5 10. cxd5 cxd5 11. Nb5 Bb8 12. Rc1 Ne4 13. Bd3 a6 14. Qa4 Nxd2 15.
Nxd2 Nb6 0-1

[Event "XVIII Open Ayto. de Erandio"]
[Site "Erandio"]
[Date "2009.12.26"]
[Round "8.3"]
[White "Rausis, Igor"]
[Black "Prieto Aranguren, Alain"]
[Result "1-0"]
[WhiteElo "2527"]
[BlackElo "2129"]
[PlyCount "75"]
[EventDate "2009.12.19"]
[EventType "swiss"]
[EventRounds "9"]

1. e4 c6 2. d4 d5 3. Nd2 h6 4. Ngf3 Bg4 5. Bd3 e6 6. O-O dxe4 7. Nxe4 Nf6 8.
Re1 Nbd7 9. Ng3 Be7 10. h3 Bxf3 11. Qxf3 O-O 12. c4 Qb6 13. c5 Qd8 14. b4 a6
15. Bd2 Nd5 16. a3 N7f6 17. Rad1 Qc7 18. Bc2 Rfd8 19. Nf1 Rd7 20. Nh2 Rad8 21.
Qb3 Nh7 22. Ng4 Bf6 23. Bc1 h5 24. Ne5 Bxe5 25. dxe5 Ne7 26. Rd6 Nc8 27. Qg3
Nf8 28. Bg5 f5 29. Bxd8 Qxd8 30. Rxd7 Qxd7 31. Rd1 Qc7 32. Qg5 Ne7 33. Rd6 Neg6
34. Bb3 Qf7 35. Qxh5 Nxe5 36. Qxf7+ Kxf7 37. f4 Ned7 38. Bxe6+ 1-0

[Event "XVIII Open Ayto. de Erandio"]
[Site "Erandio"]
[Date "2009.12.26"]
[Round "8.4"]
[White "Gonzalez Rodriguez, Jorge A"]
[Black "Uria Ramirez, Aitor"]
[Result "1-0"]
[WhiteElo "2441"]
[BlackElo "2053"]
[PlyCount "31"]
[EventDate "2009.12.19"]
[EventType "swiss"]
[EventRounds "9"]

1. b3 f5 2. Bb2 d6 3. f4 e6 4. Nf3 Nf6 5. g3 Be7 6. Bg2 O-O 7. O-O Nc6 8. e3
Qe8 9. c4 Nd7 10. Nc3 Bf6 11. d4 Qf7 12. e4 fxe4 13. Nxe4 d5 14. Neg5 Bxg5 15.
Nxg5 Qf5 16. Bh3 1-0

[Event "XVIII Open Ayto. de Erandio"]
[Site "Erandio"]
[Date "2009.12.26"]
[Round "8.5"]
[White "Angulo Martinez, Jon"]
[Black "Marchena Hurtado, Ander"]
[Result "1-0"]
[WhiteElo "2198"]
[BlackElo "1888"]
[PlyCount "99"]
[EventDate "2009.12.19"]
[EventType "swiss"]
[EventRounds "9"]

1. e4 e5 2. Nf3 Nc6 3. Bb5 a6 4. Ba4 Nf6 5. O-O Be7 6. Re1 b5 7. Bb3 d6 8. c3
O-O 9. d3 Na5 10. Bc2 c5 11. Nbd2 Nd7 12. Nf1 Re8 13. Ng3 g6 14. Bh6 c4 15. d4
Nc6 16. d5 Ncb8 17. b3 cxb3 18. axb3 Nb6 19. h3 N8d7 20. Qd2 Bb7 21. Nh2 Rc8
22. Ngf1 Rc5 23. Bd3 Qc7 24. c4 bxc4 25. bxc4 Nxc4 26. Qe2 Ndb6 27. Ng4 Rc8 28.
Nfe3 Nxe3 29. Bxe3 Rc3 30. Bxa6 Rc2 31. Qf3 Bd8 32. Reb1 Bxa6 33. Rxa6 Nc4 34.
Ra7 Nd2 35. Nh6+ Kh8 36. Bxd2 Qxa7 37. Nxf7+ Kg8 38. Nxd6 R8c7 39. Bh6 Rf7 40.
Qxf7+ Qxf7 41. Nxf7 Kxf7 42. Rb7+ Rc7 43. Rxc7+ Bxc7 44. Kf1 Ke8 45. Ke2 Bd8
46. Bg7 Bc7 47. g3 Kf7 48. Bh6 Kf6 49. f4 Bd6 50. Kd3 1-0

[Event "XVIII Open Ayto. de Erandio"]
[Site "Erandio"]
[Date "2009.12.26"]
[Round "8.6"]
[White "Landa Manux, Josu"]
[Black "Diez Fraile, David"]
[Result "1-0"]
[WhiteElo "2043"]
[BlackElo "2184"]
[PlyCount "109"]
[EventDate "2009.12.19"]
[EventType "swiss"]
[EventRounds "9"]

1. e4 c5 2. Nf3 d6 3. d4 cxd4 4. Nxd4 Nf6 5. Nc3 g6 6. f4 Bg7 7. e5 Nh5 8. Bb5+
Bd7 9. e6 fxe6 10. Nxe6 Bxc3+ 11. bxc3 Qc8 12. Qd4 Nf6 13. Qd3 Bxb5 14. Qxb5+
Nc6 15. Qe2 Nd8 16. Qb5+ Kf7 17. Ng5+ Kg7 18. Qd3 h6 19. Nf3 Qe6+ 20. Kf1 Rc8
21. Bd2 Qc4 22. Re1 Kf7 23. Kf2 Nd5 24. Re4 Qxd3 25. cxd3 Nxc3 26. Rb4 Nd5 27.
Rd4 e6 28. g4 Nc6 29. Rc4 b5 30. Rcc1 Ncb4 31. Ke2 Nxa2 32. Ra1 Nac3+ 33. Kf2
Na4 34. Rhe1 Rc2 35. Kg3 a6 36. Ba5 Re8 37. h4 Nc5 38. Nd4 Rb2 39. Nc6 Nxd3 40.
Re4 Nc5 41. Ree1 Rb3+ 42. Kh2 Nxf4 43. Bb6 Rh3+ 44. Kg1 Rxh4 45. Bxc5 Rxg4+ 46.
Kh2 dxc5 47. Ne5+ Kf6 48. Nxg4+ Kg5 49. Ne5 c4 50. Rxa6 c3 51. Ra7 Kh4 52. Rg1
g5 53. Rh7 Kh5 54. Rh1 g4 55. Rg7 1-0

[Event "XVIII Open Ayto. de Erandio"]
[Site "Erandio"]
[Date "2009.12.26"]
[Round "8.7"]
[White "Alonso Alonso, Ivan"]
[Black "Garcia Sanchez, Jose Manuel"]
[Result "1-0"]
[WhiteElo "2126"]
[BlackElo "1888"]
[PlyCount "63"]
[EventDate "2009.12.19"]
[EventType "swiss"]
[EventRounds "9"]

1. e4 c5 2. Nf3 d6 3. d4 cxd4 4. Nxd4 Nf6 5. Nc3 a6 6. Bg5 e6 7. f4 Be7 8. Qf3
h6 9. Bh4 Qc7 10. O-O-O O-O 11. g4 Nxe4 12. Nxe4 Bxh4 13. f5 d5 14. Nc3 Nc6 15.
Nb3 b5 16. Kb1 Bb7 17. Qh3 Bf6 18. fxe6 Ne7 19. exf7+ Rxf7 20. Ne2 Rc8 21. Nbd4
Nc6 22. Qg2 Nxd4 23. Nxd4 Qc5 24. Nb3 Qb6 25. Bd3 a5 26. h4 a4 27. Nc1 Re7 28.
g5 d4 29. Qg4 Be5 30. Rhf1 Rf7 31. gxh6 Qxh6 32. Rxf7 1-0

[Event "XVIII Open Ayto. de Erandio"]
[Site "Erandio"]
[Date "2009.12.26"]
[Round "8.8"]
[White "Rodriguez Gonzalez, Alex"]
[Black "Berbatov, Kiprian"]
[Result "0-1"]
[WhiteElo "2040"]
[BlackElo "2463"]
[PlyCount "40"]
[EventDate "2009.12.19"]
[EventType "swiss"]
[EventRounds "9"]

1. e4 c5 2. Nf3 d6 3. d4 cxd4 4. Nxd4 Nf6 5. Nc3 e6 6. Bg5 Be7 7. f4 h6 8. Bh4
a6 9. Qf3 Nbd7 10. O-O-O Qc7 11. Bd3 Rg8 12. Bf2 b5 13. Rhe1 Bb7 14. Nd5 exd5
15. e5 dxe5 16. fxe5 Nxe5 17. Bxb5+ axb5 18. Rxe5 Qxe5 19. Re1 Ne4 20. Nxb5
Rxa2 0-1

[Event "XVIII Open Ayto. de Erandio"]
[Site "Erandio"]
[Date "2009.12.26"]
[Round "8.9"]
[White "Limeres Guiance, Cristobal"]
[Black "Buiza Prieto, Aizbeltz"]
[Result "1-0"]
[WhiteElo "2250"]
[BlackElo "1788"]
[PlyCount "63"]
[EventDate "2009.12.19"]
[EventType "swiss"]
[EventRounds "9"]

1. d4 f5 2. g3 g6 3. Bg2 Bg7 4. Nh3 Nf6 5. Nf4 c6 6. c4 Qb6 7. Nc3 d6 8. O-O e5
9. c5 Qd8 10. dxe5 dxe5 11. Qxd8+ Kxd8 12. Nd3 e4 13. Ne5 Be6 14. Rd1+ Ke7 15.
Be3 Nd5 16. Bd4 Bf6 17. f3 exf3 18. exf3 Na6 19. Nxd5+ Bxd5 20. Re1 Be6 21. f4
Nb4 22. Re2 Rhd8 23. Bc3 Bxe5 24. Bxe5 Kf7 25. Bd6 Re8 26. a3 Nd3 27. Rd2 Bc4
28. Bf1 Re3 29. Rad1 Rae8 30. Bxd3 Re1+ 31. Kf2 Rxd1 32. Bxc4+ 1-0

[Event "XVIII Open Ayto. de Erandio"]
[Site "Erandio"]
[Date "2009.12.26"]
[Round "8.10"]
[White "Perez Fernandez, Modesto"]
[Black "Marchena Hurtado, Javier"]
[Result "0-1"]
[WhiteElo "2067"]
[BlackElo "1780"]
[PlyCount "110"]
[EventDate "2009.12.19"]
[EventType "swiss"]
[EventRounds "9"]

1. e4 c5 2. Nf3 Nc6 3. d4 cxd4 4. Nxd4 Nf6 5. Nc3 d6 6. Be3 Ng4 7. Bg5 Qb6 8.
Nd5 Qxd4 9. Qxd4 Nxd4 10. Nc7+ Kd8 11. Nxa8 Nxc2+ 12. Kd2 Nxa1 13. f3 Ne5 14.
Bb5 Bd7 15. Bxd7 Kxd7 16. Rc1 Nc6 17. b4 g6 18. b5 Bg7 19. bxc6+ bxc6 20. f4 h6
21. Bh4 g5 22. fxg5 hxg5 23. Bg3 Rxa8 24. Rb1 Kc7 25. e5 Bxe5 26. Bxe5 dxe5 27.
Rxa1 Rh8 28. h3 Rh4 29. Ke3 Ra4 30. Kf3 f5 31. g3 e6 32. a3 c5 33. Ra2 Kc6 34.
Ra1 Kd5 35. Ra2 g4+ 36. hxg4 Rxg4 37. Rd2+ Rd4 38. Ra2 Rd3+ 39. Kf2 Kd4 40. a4
c4 41. Rb2 Ra3 42. Rd2+ Kc3 43. Rd6 Rxa4 44. Rxe6 Ra5 45. Rf6 e4 46. Ke3 Kb2
47. Rf7 Rb5 48. g4 fxg4 49. Rf2+ Kb3 50. Kxe4 c3 51. Kd3 Rd5+ 52. Ke4 Rd8 53.
Rf7 c2 54. Rb7+ Kc3 55. Rc7+ Kd2 0-1

[Event "XVIII Open Ayto. de Erandio"]
[Site "Erandio"]
[Date "2009.12.26"]
[Round "9.1"]
[White "Korneev, Oleg"]
[Black "Gonzalez Rodriguez, Jorge A"]
[Result "1-0"]
[WhiteElo "2571"]
[BlackElo "2441"]
[PlyCount "73"]
[EventDate "2009.12.19"]
[EventType "swiss"]
[EventRounds "9"]

1. e4 e6 2. d4 d5 3. Nc3 Nf6 4. e5 Ng8 5. Nf3 c5 6. dxc5 Bxc5 7. Bd3 Nc6 8. O-O
a6 9. a3 Qc7 10. Bf4 h6 11. Bg3 Nge7 12. Re1 Bd7 13. Ne2 g5 14. b4 Ba7 15. c3
Ng6 16. Rc1 b5 17. Ned4 Rc8 18. Nxc6 Bxc6 19. Nd4 Bxd4 20. cxd4 h5 21. h3 Qe7
22. Rc5 h4 23. Bh2 O-O 24. f4 Kg7 25. Qg4 Bd7 26. fxg5 Rxc5 27. dxc5 a5 28. Kh1
axb4 29. axb4 Ra8 30. Bg1 Ra3 31. Bxg6 fxg6 32. Rf1 Rc3 33. Qxh4 Be8 34. c6
Rxc6 35. Bc5 Rxc5 36. bxc5 Qxc5 37. Qf4 1-0

[Event "XVIII Open Ayto. de Erandio"]
[Site "Erandio"]
[Date "2009.12.26"]
[Round "9.2"]
[White "Angulo Martinez, Jon"]
[Black "Rausis, Igor"]
[Result "0-1"]
[WhiteElo "2198"]
[BlackElo "2527"]
[PlyCount "106"]
[EventDate "2009.12.19"]
[EventType "swiss"]
[EventRounds "9"]

1. e4 c6 2. d4 d5 3. Nc3 dxe4 4. Nxe4 Bf5 5. Ng3 Bg6 6. h4 h6 7. Nf3 e6 8. h5
Bh7 9. Bd3 Bxd3 10. Qxd3 Nf6 11. Bd2 Be7 12. O-O-O O-O 13. Kb1 c5 14. Ne4 Nbd7
15. dxc5 Nxc5 16. Nxc5 Bxc5 17. Qc4 Qd5 18. Qxd5 Nxd5 19. Rdf1 Rfd8 20. Ne5 Nf6
21. Nd3 Rd5 22. Bc3 Bd4 23. Bxd4 Rxd4 24. f3 Rad8 25. a3 Nd5 26. Re1 Kf8 27. g3
Nf6 28. Rh2 R8d5 29. g4 Rd8 30. Rf2 Nd5 31. f4 Nf6 32. Rg2 b6 33. Rh1 Nd5 34.
Rf2 Ne3 35. Ne5 f6 36. Ng6+ Kf7 37. g5 Rd1+ 38. Rxd1 Rxd1+ 39. Ka2 Nf5 40. Rg2
hxg5 41. fxg5 Rh1 42. Nh8+ Ke8 43. gxf6 gxf6 44. Rg8+ Kd7 45. Ra8 Rxh5 46.
Rxa7+ Kc6 47. Ng6 Rh6 48. Nf8 e5 49. Rf7 e4 50. Nh7 e3 51. Nxf6 e2 52. Ng4 e1=Q
53. Nxh6 Qe6+ 0-1

[Event "XVIII Open Ayto. de Erandio"]
[Site "Erandio"]
[Date "2009.12.26"]
[Round "9.4"]
[White "Savchenko, Stanislav"]
[Black "Landa Manux, Josu"]
[Result "1-0"]
[WhiteElo "2536"]
[BlackElo "2043"]
[PlyCount "69"]
[EventDate "2009.12.19"]
[EventType "swiss"]
[EventRounds "9"]

1. Nf3 Nf6 2. c4 d6 3. d4 g6 4. Nc3 Bg7 5. e4 O-O 6. Be2 c5 7. O-O cxd4 8. Nxd4
Nc6 9. Be3 e6 10. Ndb5 Ne8 11. Qd2 a6 12. Nd4 Ne5 13. Rfd1 Qc7 14. Rac1 b6 15.
f3 Bb7 16. b3 Rb8 17. Bf1 h5 18. h3 Kh7 19. f4 Nd7 20. f5 Nc5 21. Bd3 Nxd3 22.
fxg6+ Kg8 23. Qxd3 Qe7 24. gxf7+ Qxf7 25. Rf1 Qg6 26. Rxf8+ Bxf8 27. Nde2 Nf6
28. Nf4 Qg3 29. Rf1 Re8 30. Qe2 Bh6 31. Rf3 Qg7 32. Bxb6 d5 33. e5 Ne4 34. Nxh5
Qg5 35. Nxe4 1-0

[Event "XVIII Open Ayto. de Erandio"]
[Site "Erandio"]
[Date "2009.12.26"]
[Round "9.5"]
[White "Berbatov, Kiprian"]
[Black "Limeres Guiance, Cristobal"]
[Result "1-0"]
[WhiteElo "2463"]
[BlackElo "2250"]
[PlyCount "139"]
[EventDate "2009.12.19"]
[EventType "swiss"]
[EventRounds "9"]

1. e4 b6 2. d4 Bb7 3. Bd3 g6 4. Nf3 Bg7 5. O-O d6 6. c3 Nd7 7. Bg5 f6 8. Bh4 e5
9. Qe2 Nh6 10. Bc4 Qe7 11. Ba6 Bxa6 12. Qxa6 Nf7 13. Qb7 Qd8 14. Na3 Qc8 15.
Qc6 a6 16. dxe5 fxe5 17. Nc4 O-O 18. Ne3 Ra7 19. Nd5 Kh8 20. a4 Nc5 21. b4 Ne6
22. Ne7 Qe8 23. a5 b5 24. Qxe8 Rxe8 25. Nc6 Rb7 26. Rfd1 Ned8 27. Nxd8 Nxd8 28.
Rd5 Ne6 29. Rad1 Kg8 30. Kf1 Rbb8 31. Ne1 Bh6 32. f3 Be3 33. Nc2 Ba7 34. Bf2
Bxf2 35. Kxf2 Rf8 36. Ne3 Rf7 37. R5d2 Ng5 38. Ke2 Ne6 39. h4 h5 40. g3 Rbf8
41. Rf1 Rd8 42. Nd5 c6 43. Nb6 Nc7 44. f4 exf4 45. gxf4 d5 46. Kd1 Rff8 47. f5
Kh8 48. exd5 Nxd5 49. Nxd5 Rxd5 50. Rxd5 cxd5 51. Rg1 Rf6 52. fxg6 Kg7 53. Rg5
d4 54. Rxh5 Rf4 55. Kc2 dxc3 56. Kxc3 Rc4+ 57. Kb3 Rg4 58. Rh7+ Kxg6 59. Ra7
Rg3+ 60. Kc2 Kf5 61. Rxa6 Ke4 62. Rd6 Rg4 63. h5 Ke5 64. Rd8 Rxb4 65. h6 Rc4+
66. Kb3 Rc7 67. a6 Kf6 68. Kb4 Rh7 69. Kxb5 Ke7 70. a7 1-0

[Event "XVIII Open Ayto. de Erandio"]
[Site "Erandio"]
[Date "2009.12.26"]
[Round "9.6"]
[White "Prieto Aranguren, Alain"]
[Black "Ivanov, Jordan"]
[Result "0-1"]
[WhiteElo "2129"]
[BlackElo "2420"]
[PlyCount "52"]
[EventDate "2009.12.19"]
[EventType "swiss"]
[EventRounds "9"]

1. d4 Nf6 2. c4 d6 3. Nc3 g6 4. e4 Bg7 5. Be2 O-O 6. Nf3 Nbd7 7. O-O e5 8. d5
Nc5 9. Qc2 a5 10. Bg5 h6 11. Bh4 g5 12. Bg3 Nh5 13. Nd2 Nf4 14. f3 f5 15. exf5
Bxf5 16. Nde4 Qe8 17. Rfe1 Qg6 18. Bf1 Rf7 19. b3 g4 20. fxg4 Qxg4 21. Kh1 Nh5
22. Qe2 Qg6 23. Qe3 Nxe4 24. Nxe4 Bxe4 25. Be2 Nxg3+ 26. hxg3 h5 0-1

[Event "XVIII Open Ayto. de Erandio"]
[Site "Erandio"]
[Date "2009.12.26"]
[Round "9.7"]
[White "Marchena Hurtado, Javier"]
[Black "Diez Fraile, David"]
[Result "1/2-1/2"]
[WhiteElo "1780"]
[BlackElo "2184"]
[PlyCount "121"]
[EventDate "2009.12.19"]
[EventType "swiss"]
[EventRounds "9"]

1. e4 c5 2. Nf3 d6 3. d4 cxd4 4. Nxd4 Nf6 5. Nc3 g6 6. Be2 Bg7 7. Be3 Nc6 8.
O-O O-O 9. Nb3 a6 10. f4 b5 11. Bf3 Bd7 12. e5 dxe5 13. fxe5 Nxe5 14. Bxa8 Qxa8
15. Bd4 Nc6 16. Nd5 Nxd4 17. Nxe7+ Kh8 18. Nxd4 Re8 19. Nef5 gxf5 20. Nxf5 Bxf5
21. Rxf5 Qe4 22. Qf3 Ng4 23. Qxe4 Rxe4 24. c3 Be5 25. h3 Nh6 26. Rf3 f6 27. Kf1
Kg7 28. Rd1 Kg6 29. Rd8 Nf5 30. g4 Ng3+ 31. Kg2 Re2+ 32. Rf2 Re1 33. Rg8+ Kf7
34. Ra8 Ne4 35. Rc2 Re3 36. Rxa6 Rg3+ 37. Kf1 Rxh3 38. a4 Rh1+ 39. Ke2 Rh2+ 40.
Kd1 Rh1+ 41. Ke2 bxa4 42. Rxa4 Rh2+ 43. Kd1 Rh1+ 44. Ke2 Nc5 45. Ra7+ Ke6 46.
b4 Ne4 47. Kd3 Nxc3 48. Ra5 Rd1+ 49. Kc4 Ne4 50. Kb5 Rb1 51. Rc6+ Kf7 52. Ra7+
Kg6 53. Ra3 Kg5 54. Rh3 Kxg4 55. Rxh7 f5 56. Re7 Rxb4+ 57. Kxb4 Bd6+ 58. Rxd6
Nxd6 59. Re1 f4 60. Rf1 f3 61. Rxf3 1/2-1/2